000 00251nam a2200097Ia 4500
001 911650
005 20250826185723.0
008 250824s9999 xx 000 0 und d
245 0 _aPANCARCI ÇOCUK
_cSAMED BEHRENGİ
260 _bBİNBİR ÇİÇEK YAYINLARI
999 _c911650
_d911650